000 00622nam a2200205Ia 4500
003 OSt
005 20250304160210.0
008 210210b1972 xxu||||| |||| 00| 0 eng d
040 _cAL
041 _ahin
082 _aH891.4 SHRS
100 _aSHRIVASTAV (Kunal):
_9203867
110 _bश्रीवास्तव कुलाल
_9203868
245 _aSamudr ke bhitar ek anokhi duniya:
_bसमुद्र के बितर एक अनोखी दुनिया
260 _aNayi Dilli
_bAmesha Prakashan
_c1972
300 _a95
690 _aHindi Prose
_9203869
906 _a030797
942 _2ddc
_cBK
999 _c81951
_d81951